Normal view
MARC view
Entry Personal Name
001 - CONTROL NUMBER
- control field: 1469
003 - CONTROL NUMBER IDENTIFIER
- control field: BD-RjUL
005 - DATE AND TIME OF LATEST TRANSACTION
- control field: 20220220101345.0
008 - FIXED-LENGTH DATA ELEMENTS
- fixed length control field: 220220|| aca||aabn | a|a d
040 ## - CATALOGING SOURCE
- Original cataloging agency: BD-RjUL
- Transcribing agency: BD-RjUL
100 ## - HEADING--PERSONAL NAME
- Personal name: alfaqi, muhamad hamid ;; الفقي، محمد حامد
670 ## - SOURCE DATA FOUND
- Source citation: Work cat.: (BD-RjUL)79419: ابو يعلى، محمد بن الحسين بن الفراء، ;;;; Abu Yala, Muhammad bin Al-Hussein bin Al-Farra 990-1066 1467, الاحكام السلطانية /;; ahkam alsultania /, ١٣٥٦هج ١٩٣٨م.